Vplyv pandémie COVID-19 na podnikateľské prostredie Slovenskej republiky bakalárska práca
Na minha lista:
| Autor principal: | |
|---|---|
| Autor Corporativo: | |
| Outros Autores: | |
| Formato: | Livro |
| Idioma: | eslovaco |
| Publicado em: |
Košice
2023
|
| Tags: |
Sem tags, seja o primeiro a adicionar uma tag!
|
MARC
| LEADER | 00000nbm a2200000 4500 | ||
|---|---|---|---|
| 001 | 0295891 | ||
| 005 | 20240827093155.1 | ||
| 041 | 0 | |a slo | |
| 044 | |a SK | ||
| 245 | 1 | 0 | |a Vplyv pandémie COVID-19 na podnikateľské prostredie Slovenskej republiky |b bakalárska práca |c Katarína Hrabčáková ; školiteľ: Klaudia Šoltésová |
| 264 | 1 | |a Košice |c 2023 | |
| 300 | |a 56 s. | ||
| 100 | 1 | |a Hrabčáková, Katarína | |
| 700 | 1 | |a Šoltésová, Klaudia, 1995- | |
| 710 | 2 | |a Podnikovohospodárska fakulta EU so sídlom v Košiciach. Katedra ekonómie | |